Online Catalogue and eLibrary

Siyadivi nasaganeema (Record no. 5108)

MARC details
000 -LEADER
fixed length control field 00401nam a2200169Ia 4500
005 - DATE AND TIME OF LATEST TRANSACTION
control field 20250627022051.0
008 - FIXED-LENGTH DATA ELEMENTS--GENERAL INFORMATION
fixed length control field 240331s9999 xx 000 0 und d
020 ## - INTERNATIONAL STANDARD BOOK NUMBER
ISBN 9558160008
082 ## - DDC Classification
Item Number - Author Mark PER
Class No. 364
100 ## - MAIN ENTRY--PERSONAL NAME
Personal name Perera,G
245 #0 - TITLE STATEMENT
Title Siyadivi nasaganeema
260 ## - PUBLICATION, DISTRIBUTION, ETC.
Place of publication, distribution, etc. Dehiwala
Name of publisher, distributor, etc. Watma Publishers
Date of publication, distribution, etc. 1998
300 ## - PHYSICAL DESCRIPTION
Extent (e.g. Volumes, Pages etc.) 104 p .,
650 ## - SUBJECT ADDED ENTRY--TOPICAL TERM
Topical term or geographic name entry element Psychological
650 ## - SUBJECT ADDED ENTRY--TOPICAL TERM
Topical term or geographic name entry element philosophical
942 ## - Koha item type (Biblio)
Koha item type Books in Stacks (Lending)
Holdings
Lost status Damaged status Collection code Home library Current library Shelving location Date acquired Full call number Accession Number Item type
    Lending WERC Library WERC Library Social Science Cupboard 03/31/2024 346.152 PER 2859 Books in Stacks (Lending)

© WERC Library